000
00400nam a22001457a 4500
003
SGT
020
_a
9789351867302
082
_a
954
_b
J17B
100
_a
भाटिया जनरल सूरज
245
_a
जलियावाला कांड का सच
260
_b
प्रभात प्रकाशन
_c
2017
300
_a
215
650
_a
INDIAN HISTORY
942
_2
ddc
_c
BK
999
_c
27812
_d
27812